Od mája európske ochranné známky aj u nás

Zmeny práv v oblasti registrácie ochranných známok po vstupe do EÚ. Nadobudnutie platnosti registrácie ochrannej známky spoločenstva a prehľad poplatkov. Možnosti registrácie ochranných známok na území Slovenskej republiky. Riešenie používania kolíznej ochrannej známky spoločenstva.

Salvato in:
Dettagli Bibliografici
Autore principale: Tytykalová, Halka
Natura: Capitolo di libro
Lingua:slovacco
Soggetti:
Tags: Aggiungi Tag
Nessun Tag, puoi essere il primo ad aggiungerne!!

MARC

LEADER 00000naa$a2200000$$$4500
001 0002465
005 20230925124126.0
041 0 |a slo 
044 |a SK 
245 1 0 |a Od mája európske ochranné známky aj u nás  |c aut. Halka Tytykalová 
520 |a Zmeny práv v oblasti registrácie ochranných známok po vstupe do EÚ. Nadobudnutie platnosti registrácie ochrannej známky spoločenstva a prehľad poplatkov. Možnosti registrácie ochranných známok na území Slovenskej republiky. Riešenie používania kolíznej ochrannej známky spoločenstva. 
610 2 0 |a známky ochranné 
610 2 0 |a Európska únia 
610 2 0 |a Slovensko 
610 2 0 |a ochrana práv priemyselných 
610 2 0 |a patenty 
610 2 0 |a podnikatelia 
610 2 0 |a úrady patentové 
100 1 |a Tytykalová, Halka